Logo BPK

Biblioteka

Politechniki Koszalińskiej

Principy matematiceskogo modelirovanija / (Rekord nr 23829)

Szczegóły MARC
000 -ETYKIETA REKORDU
podpole kontrolne o stałej długości 00402nam a2200157 i 4500
001 - NUMER KONTROLNY REKORDU
pole kontrolne bg
040 ## - ŹRÓDŁO KATALOGOWANIA
Instytucja, która utworzyła rekord BPK
041 ## - KOD JĘZYKA
Kod języka tekstu pol
008 - POLE O STAŁEJ DŁUGOŚCI - DANE KONTROLNE
podpole kontrolne o stałej długości s pl f |000 0 pol
100 1# - NAZWA OSOBOWA
Nazwa osobowa KAFAROV, V.V.
245 #0 - TYTUŁ/ODPOWIEDZIALNOŚĆ
Tytuł Principy matematiceskogo modelirovanija /
Pozostałe elementy strefy tytułu i oznaczenia odpowiedzialności V.V. Kafarov, V.L. Perov, V.P. Mesalkin.
260 ## - STREFA ADRESU WYDAWNICZEGO
Miejsce wydania Moskva,
Data publikacji, dystrybucji/powstania dokumentu 1974.
700 1# - HASŁO DODATKOWE - NAZWA OSOBOWA
Nazwa osobowa PEROV, V.L.
700 1# - HASŁO DODATKOWE - NAZWA OSOBOWA
Nazwa osobowa MESALKIN, V.P.
856 ## - LOKALIZACJA I DOSTĘP DO ELEKTRONICZNYCH DOKUMENTÓW ZDALNYCH
Link (URL) http://koha.tu.koszalin.pl/cgi-bin/koha/opac-detail.pl?biblionumber=23829
Tekst linku Katalog online BPK
942 ## - DODATKOWE ELEMENTY (KOHA)
Typ dokumentu Książka
Egzemplarze
Wycofany Status egzemplarza Uszkodzony Dostępność Lokalizacja stała Lokalizacja bieżąca Miejsce przechowywania Sygnatura Kod kreskowy Typ dokumentu
      Dostępny Biblioteka Politechniki Koszalińskiej Biblioteka Politechniki Koszalińskiej Wypożyczalnia BG 34059 01598049 Książka
© 2023 Biblioteka Politechniki Koszalińskiej :: KOHA